00369nam a2200133Ia 45000010005000000080041000050200022000460820030000681000015000982450036001132600043001499010028001929990015002203393241024s9999 xx 000 0 und d a978-9945-8740-2-0 aRD/972.93053/B742p/2012/1 aJuan Bosch 0aPóker de espanto en el Caribe bEdiciones fundación Juan Boschc2012 a21/10/2013 9:03:53 a.m. c7563d7563